000 00516nam a2200217Ia 4500
003 OSt
005 20220923230917.0
006 a|||||r|||| 00| 0
007 ta
008 Pun
024 _a306,372
037 _cTextual
040 _aARTS
_cARTS
_bPun
041 _2Pun
_aPun
082 _aO157,2M61x, 153K0
100 _aਟੈਗੋਰ
245 0 _aਟੈਗੋਰ ਡਰਾਮੇ
260 _c1960
942 _hO157,2M61x, 153K0
_cTEXL
_2CC
999 _c388158
_d388158